Ke kritice projevů klerikálního antikomunismu /

Hlavní autor: Kavka, Jiří
Korporativní autor: Československo. Ministerstvo školství a kultury
Jazyk: Čeština
Vydáno: Praha : Horizont, 1986
Vydání: 1. vyd.
Edice: Na pomoc pracovníkům oblasti státní církevní politiky
Témata:
Fyzický popis: 142 s.
Knihy
Uloženo v:
LEADER 01095nam a22003012a 4500
001 000850280
003 CZ BrMZK
005 20070511075540.0
007 ta
008 070511s1986 xr er|||||||||||cze d
015 |a cnb000013708 
035 |a (OCoLC)39413420 
040 |a BOA001  |b cze 
080 9 |a 329.15(049.32) 
100 1 |a Kavka, Jiří  |7 jx20040830014  |4 aut 
245 1 0 |a Ke kritice projevů klerikálního antikomunismu /  |c uspořádal a odborně redigoval Jiří Kavka 
250 |a 1. vyd. 
260 |a Praha :  |b Horizont,  |c 1986 
300 |a 142 s. 
490 1 |a Na pomoc pracovníkům oblasti státní církevní politiky ;  |v 97 
550 |a Vydavatel: Sekretariát pro věci církevní ministerstva kultury ČSR 
710 1 |a Československo.  |b Ministerstvo školství a kultury  |7 kn20030204018 
830 0 |a Na pomoc pracovníkům oblasti státní církevní politiky  |0 s 
910 |a BOA001  |b 2-0901.664 
964 |a Antikomunismus - kritiky 
990 |a BK 
991 |b 200705 
996 6 |b 2619325931  |c 2-0901.664  |l MZK  |r Sklad / do 1 hodiny  |n 0  |w 000850280  |u 000010  |a 1  |e BOA001  |j MZK50  |s P